Design and development of beam and wall testing facility (Record no. 551175)
[ view plain ]
| 000 -LEADER | |
|---|---|
| fixed length control field | 00413nam a22001457a 4500 |
| 082 ## - DEWEY DECIMAL CLASSIFICATION NUMBER | |
| Classification number | P-395 |
| Author Mark | P-395 |
| 100 ## - MAIN ENTRY--PERSONAL NAME | |
| Personal name | Hamza Saeed Virk, Syndicate # 20 |
| 9 (RLIN) | 48154 |
| 245 ## - TITLE STATEMENT | |
| Title | Design and development of beam and wall testing facility |
| Statement of responsibility, etc. | Hamza Saeed Virk, Sajjad Ahmad |
| 260 ## - PUBLICATION, DISTRIBUTION, ETC. | |
| Date of publication, distribution, etc. | 2008 |
| 300 ## - PHYSICAL DESCRIPTION | |
| Extent | 44 P, ; |
| 526 ## - STUDY PROGRAM INFORMATION NOTE | |
| Program name | 0 |
| Interest level | 0 |
| Reading level | 0 |
| Title point value | P_395_P395 |
| 650 ## - SUBJECT ADDED ENTRY--TOPICAL TERM | |
| Topical term or geographic name entry element | Project |
| 700 ## - ADDED ENTRY--PERSONAL NAME | |
| Personal name | Muhammad Iqbal |
| 9 (RLIN) | 4316 |
| 942 ## - ADDED ENTRY ELEMENTS (KOHA) | |
| Source of classification or shelving scheme | |
| Koha item type | Book |
| Withdrawn status | Lost status | Source of classification or shelving scheme | Damaged status | Not for loan | Permanent Location | Current Location | Date acquired | Total Checkouts | Full call number | Barcode | Date last seen | Price effective from | Koha item type | Public note |
|---|---|---|---|---|---|---|---|---|---|---|---|---|---|---|
| Military College of Engineering (MCE) | Military College of Engineering (MCE) | 12/04/2014 | P-395 P-395 | MCE-P-395 | 12/04/2014 | 12/04/2014 | Book | Project |
